[Event "POL-chT 2nd League"]
[Site "Jastrzebia Gora"]
[Date "2019.09.08"]
[Round "2.22"]
[White "Tarnowska, Aleksandra"]
[Black "Kupsik, Joanna"]
[Result "1/2-1/2"]
[WhiteElo "1843"]
[BlackElo "1731"]
[PlyCount "126"]
[EventDate "2019.09.07"]
[EventType "team-swiss"]
[EventRounds "9"]
[EventCountry "POL"]
[SourceTitle "EXT 2020"]
[Source "ChessBase"]
[SourceDate "2019.10.17"]
[SourceVersion "1"]
[SourceVersionDate "2019.10.17"]
[SourceQuality "1"]
[WhiteTeam "Lipusz WDA"]
[BlackTeam "Lipno Steszew"]
[WhiteTeamCountry "POL"]
[BlackTeamCountry "POL"]

1. e4 c5 2. Nc3 e6 3. f4 Nc6 4. Nf3 d5 5. d3 Be7 6. g3 d4 7. Ne2 Nf6 8. Bg2 Qc7 9. 0-0 Bd7 10. Kh1 h5 11. c3 dxc3 12. bxc3 c4 13. e5 cxd3 14. Qxd3 Ng4 15. h3 Nh6 16. Ned4 Nxd4 17. Nxd4 Rc8 18. Bb2 a6 19. Qf3 g6 20. Rab1 b6 21. Rfd1 Bc5 22. Kh2 Ng8 23. Qb7 a5 24. Rd2 Ne7 25. Qxc7 Rxc7 26. Rbd1 Ba4 27. Nxe6 fxe6 28. Re1 Nf5 29. Be4 Ke7 30. Kg2 Rd8 31. Rxd8 Kxd8 32. g4 Ne3+ 33. Kf3 Nc4 34. Bc1 hxg4+ 35. Kxg4 Be8 36. Rd1+ Rd7 37. Rxd7+ Kxd7 38. Kg5 Ne3 39. Bxg6 Bxg6 40. Kxg6 Nf5 41. Kf7 b5 42. Bd2 Bf2 43. Kf6 a4 44. Kf7 Bh4 45. Kg6 Ke7 46. Kh5 Bf2 47. Kg4 Nh4 48. Bc1 Kf7 49. Kg5 Be1 50. Bb2 Ng2 51. Kg4 Ne3+ 52. Kg5 Nc4 53. Bc1 Bxc3 54. h4 Bb2 55. Bxb2 Nxb2 56. f5 exf5 57. Kxf5 b4 58. h5 b3 59. axb3 a3 60. e6+ Ke7 61. h6 a2 62. h7 a1Q 63. h8Q Qf1+ 1/2-1/2

[Event "Poznan op 27th"]
[Site "Poznan"]
[Date "2019.08.18"]
[Round "1"]
[White "Kupsik, Joanna"]
[Black "Stempin, Pawel"]
[Result "1/2-1/2"]
[WhiteElo "1708"]
[BlackElo "2362"]
[PlyCount "97"]
[EventDate "2019.08.18"]
[EventType "swiss"]
[EventRounds "9"]
[EventCountry "POL"]
[SourceTitle "EXT 2020"]
[Source "ChessBase"]
[SourceDate "2019.10.17"]
[SourceVersion "1"]
[SourceVersionDate "2019.10.17"]
[SourceQuality "1"]

1. e4 e5 2. Nf3 Nc6 3. d4 exd4 4. Nxd4 Nf6 5. Nxc6 bxc6 6. e5 Qe7 7. Qe2 Nd5 8. c4 Ba6 9. b3 g5 10. g3 Bg7 11. Bb2 0-0-0 12. Bg2 Rhe8 13. 0-0 Bxe5 14. Bxe5 Qxe5 15. Qxe5 Rxe5 16. cxd5 Bxf1 17. Kxf1 cxd5 18. Nc3 c6 19. h3 h5 20. Bf3 Rh8 21. Ne2 h4 22. g4 f5 23. Rc1 Kc7 24. Nd4 f4 25. Bg2 Rg8 26. Nf3 Re4 27. Nd2 Rd4 28. Nf3 Rb4 29. Ne5 Rg7 30. Nd3 Rd4 31. Ke2 Re7+ 32. Kd2 Kb6 33. Bf3 a5 34. a3 c5 35. Kc3 d6 36. Ne1 Kc6 37. Nc2 Rde4 38. Bxe4 dxe4 39. b4 axb4+ 40. axb4 d5 41. bxc5 Kxc5 42. Kd2 Rb7 43. Ne3+ Kd4 44. Nf5+ Ke5 45. Rc8 Rb3 46. Rc3 Rb2+ 47. Rc2 Rb3 48. Rc3 Rb2+ 49. Rc2 1/2-1/2

[Event "Poznan op 26th"]
[Site "Poznan"]
[Date "2018.08.19"]
[Round "2"]
[White "Kupsik, Joanna"]
[Black "Zielinski, Tomasz"]
[Result "1-0"]
[WhiteElo "1732"]
[BlackElo "1382"]
[PlyCount "81"]
[EventDate "2018.08.19"]
[EventType "swiss"]
[EventRounds "9"]
[EventCountry "POR"]
[SourceTitle "CBM 186 Extra"]
[Source "ChessBase"]
[SourceDate "2018.08.24"]
[SourceVersion "1"]
[SourceVersionDate "2018.08.24"]
[SourceQuality "1"]

1. e4 c5 2. Nf3 Nc6 3. d4 cxd4 4. Nxd4 Qb6 5. c3 Nf6 6. f3 e6 7. Qb3 Bc5 8. Qxb6 Bxb6 9. Be3 Nxd4 10. Bxd4 Bxd4 11. cxd4 d5 12. e5 Ng8 13. Nc3 Ne7 14. Nb5 0-0 15. Nd6 Nc6 16. Rd1 a6 17. g3 b5 18. Ke2 Na5 19. Ke3 Nb7 20. Nxb7 Bxb7 21. Rc1 Rac8 22. Bd3 Rxc1 23. Rxc1 Rc8 24. Rc5 Rxc5 25. dxc5 b4 26. a4 bxa3 27. bxa3 Kf8 28. Kd4 Ke7 29. c6 Bxc6 30. Bxa6 Kd7 31. Kc5 Kc7 32. Bd3 g6 33. Bc2 Bd7 34. a4 Bc6 35. a5 Bb7 36. Ba4 d4 37. Kxd4 Bxf3 38. Kc5 g5 39. Be8 Bh5 40. a6 Bg6 41. Bc6 1-0

[Event "Wroclaw Anderssen Memorial op"]
[Site "Wroclaw"]
[Date "2018.08.04"]
[Round "5"]
[White "Lukasiewicz, Krzysztof"]
[Black "Kupsik, Joanna"]
[Result "1-0"]
[WhiteElo "2242"]
[BlackElo "1732"]
[PlyCount "83"]
[EventDate "2018.08.04"]
[EventType "swiss (rapid)"]
[EventRounds "13"]
[EventCountry "POL"]
[SourceTitle "CBM 185 Extra"]
[Source "ChessBase"]
[SourceDate "2018.07.29"]
[SourceVersion "1"]
[SourceVersionDate "2018.07.29"]
[SourceQuality "1"]

1. d4 d5 2. Bf4 Nc6 3. e3 Nf6 4. h3 e6 5. c3 Bd6 6. Nf3 Bxf4 7. exf4 0-0 8. Bd3 Ne7 9. Nbd2 b6 10. Qe2 Bb7 11. Ne5 c5 12. g4 cxd4 13. cxd4 Rc8 14. 0-0 Nc6 15. Nxc6 Rxc6 16. Nf3 Qd6 17. Ne5 Rc7 18. Kg2 Rfc8 19. Rad1 Ne4 20. f3 Nf6 21. Bb1 Nd7 22. Rf2 a6 23. Qe3 b5 24. f5 Nb6 25. f6 Nc4 26. Nxc4 dxc4 27. fxg7 f6 28. Qh6 Rxg7 29. Qxf6 Rf8 30. Qe5 Qc6 31. Be4 Qc8 32. Bxb7 Qxb7 33. Qxe6+ Kh8 34. Qe5 Kg8 35. d5 Re7 36. Qh5 Rg7 37. d6 Qd7 38. Qd5+ Kh8 39. Re2 Rgf7 40. Qd4+ Kg8 41. Re5 h6 42. Qd5 1-0

[Event "Poznan op 25th"]
[Site "Poznan"]
[Date "2017.08.21"]
[Round "3"]
[White "Kupsik, Joanna"]
[Black "Sobczak, Miroslaw"]
[Result "0-1"]
[WhiteElo "1703"]
[BlackElo "1925"]
[PlyCount "96"]
[EventDate "2017.08.20"]
[EventType "swiss"]
[EventRounds "9"]
[EventCountry "POL"]
[SourceTitle "CBM 180 Extra"]
[Source "ChessBase"]
[SourceDate "2017.10.06"]
[SourceVersion "1"]
[SourceVersionDate "2017.10.06"]
[SourceQuality "1"]

1. e4 d5 2. exd5 Qxd5 3. Nf3 Nf6 4. Nc3 Qa5 5. Be2 Bg4 6. 0-0 e6 7. Nd4 Bxe2 8. Qxe2 Bd6 9. Ne4 Bxh2+ 10. Kxh2 Qe5+ 11. g3 Qxe4 12. Qxe4 Nxe4 13. d3 Nd6 14. Bf4 Na6 15. Kg2 Kd7 16. Rfe1 Rae8 17. Re2 f6 18. Bxd6 cxd6 19. Rae1 e5 20. Nf5 g6 21. Ne3 Nc7 22. Ng4 Ke6 23. f3 h5 24. Nf2 h4 25. g4 Nd5 26. Nh3 g5 27. c3 Kd7 28. Re4 Nf4+ 29. Nxf4 exf4 30. Kf2 d5 31. R4e2 Rxe2+ 32. Rxe2 Re8 33. Rd2 Re3 34. d4 Ke6 35. Rd1 f5 36. Rg1 b5 37. a3 fxg4 38. Rxg4 Kf5 39. Rg1 a5 40. Rc1 g4 41. fxg4+ Kxg4 42. Rg1+ Rg3 43. Rh1 Rf3+ 44. Ke2 h3 45. Rh2 b4 46. cxb4 axb4 47. a4 Rb3 48. Kf1 Kg3 0-1

[Event "Poznan op 25th"]
[Site "Poznan"]
[Date "2017.08.20"]
[Round "1"]
[White "Kupsik, Joanna"]
[Black "Raczynski, Krzysztof"]
[Result "0-1"]
[WhiteElo "1703"]
[BlackElo "2208"]
[PlyCount "80"]
[EventDate "2017.08.20"]
[EventType "swiss"]
[EventRounds "9"]
[EventCountry "POL"]
[SourceTitle "CBM 180 Extra"]
[Source "ChessBase"]
[SourceDate "2017.10.06"]
[SourceVersion "1"]
[SourceVersionDate "2017.10.06"]
[SourceQuality "1"]

1. e4 c5 2. Nf3 d6 3. d4 cxd4 4. Nxd4 Nf6 5. Nc3 a6 6. Be3 e5 7. Nf3 Be7 8. h3 0-0 9. Be2 b5 10. Nd5 Nbd7 11. 0-0 Bb7 12. Bd3 Bxd5 13. exd5 e4 14. Nd4 exd3 15. Nc6 Qe8 16. Qxd3 Ne5 17. Nxe5 dxe5 18. d6 Bd8 19. Rad1 Qe6 20. Bc5 Nd7 21. Ba3 Bb6 22. Rfe1 Rac8 23. c3 Rc6 24. Rd2 f5 25. Qg3 e4 26. Qg5 Bd8 27. Qf4 Re8 28. Qe3 Bb6 29. Qg5 Qg6 30. Qf4 Rc4 31. b3 e3 32. bxc4 exf2+ 33. Rxf2 Rxe1+ 34. Kh2 Bxf2 35. Qxf2 Qe6 36. c5 Qe5+ 37. Qg3 Rh1+ 38. Kxh1 Qxg3 39. c6 Qe1+ 40. Kh2 Qe8 0-1

[Event "Suwalki Warakomska Memorial-B 1st"]
[Site "Suwalki"]
[Date "2017.08.17"]
[Round "8"]
[White "Kupsik, Joanna"]
[Black "Jankowiak, Tomasz"]
[Result "0-1"]
[WhiteElo "1703"]
[BlackElo "1905"]
[PlyCount "120"]
[EventDate "2017.08.11"]
[EventType "swiss"]
[EventRounds "9"]
[EventCountry "POL"]
[SourceTitle "CBM 180 Extra"]
[Source "ChessBase"]
[SourceDate "2017.10.06"]
[SourceVersion "1"]
[SourceVersionDate "2017.10.06"]
[SourceQuality "1"]

1. e4 d6 2. Nf3 Nf6 3. Nc3 e5 4. Bc4 Be7 5. d3 0-0 6. Be3 c6 7. d4 Nbd7 8. dxe5 dxe5 9. h3 Qc7 10. a4 Bb4 11. Bd3 Nc5 12. Bxc5 Bxc5 13. 0-0 a5 14. Qe2 h6 15. Bc4 Nh5 16. Rfd1 Nf4 17. Qd2 Bxh3 18. gxh3 Nxh3+ 19. Kg2 Nf4+ 20. Kh1 Rad8 21. Qe1 Qc8 22. Qf1 Nh3 23. Rxd8 Rxd8 24. Bxf7+ Kh8 25. Bh5 Nxf2+ 26. Kh2 Rf8 27. Qg2 Rf4 28. Qg6 Qf8 29. Rg1 Rf6 30. Nh4 Bd4 31. Rg2 Be3 32. Qe8 Qxe8 33. Bxe8 Bf4+ 34. Kg1 Be3 35. Nf5 Bc5 36. Kf1 Nxe4 37. Nxe4 Rxf5+ 38. Ke2 Be7 39. Rf2 Rxf2+ 40. Kxf2 Kh7 41. Kf3 g6 42. Bd7 h5 43. c4 c5 44. Nc3 g5 45. Ne4 Kg6 46. Be6 b6 47. Bd7 Kh6 48. Be8 g4+ 49. Kg3 Bg5 50. Bc6 Be7 51. Nc3 Kg5 52. Bg2 h4+ 53. Kf2 h3 54. Bh1 Kh4 55. Ne4 Bg5 56. Ng3 Be3+ 57. Kxe3 Kxg3 58. Be4 Kh2 59. Kf2 g3+ 60. Kf1 g2+ 0-1

[Event "Poznan op 24th"]
[Site "Poznan"]
[Date "2016.08.15"]
[Round "9"]
[White "Kupsik, Joanna"]
[Black "Szuba, Henryk"]
[Result "1-0"]
[WhiteElo "1728"]
[BlackElo "1519"]
[PlyCount "81"]
[EventDate "2016.08.08"]
[EventType "swiss"]
[EventRounds "9"]
[EventCountry "POL"]
[SourceTitle "EXT 2017"]
[Source "ChessBase"]
[SourceDate "2016.10.25"]
[SourceVersion "1"]
[SourceVersionDate "2016.10.25"]
[SourceQuality "1"]

1. e4 Nf6 2. Nc3 d5 3. exd5 Nxd5 4. Nf3 Bg4 5. h3 Bh5 6. Bc4 Nxc3 7. bxc3 e6 8. 0-0 Qf6 9. Be2 Nd7 10. d4 h6 11. Rb1 Rb8 12. Be3 c6 13. a4 Bd6 14. a5 0-0 15. Nd2 Bxe2 16. Qxe2 Bc7 17. Ra1 Qf5 18. Qd3 Qxd3 19. cxd3 Nf6 20. Rfb1 Nd5 21. c4 Nxe3 22. fxe3 e5 23. d5 cxd5 24. cxd5 f5 25. Rc1 Bd6 26. e4 f4 27. Kf1 g5 28. Ke2 h5 29. Kf3 Kf7 30. Rc2 Rbc8 31. Rac1 Rxc2 32. Rxc2 Ke7 33. Rb2 Rb8 34. Nc4 Kd7 35. g3 fxg3 36. Kxg3 Ke7 37. Rf2 Rd8 38. Rf5 g4 39. h4 Rf8 40. Nxd6 Rxf5 41. Nxf5+ 1-0

[Event "POL-chT 2nd League"]
[Site "Jastrzebia Gora"]
[Date "2015.09.11"]
[Round "7.84"]
[White "Miturova, Magdalena"]
[Black "Kupsik, Joanna"]
[Result "1-0"]
[WhiteElo "2173"]
[BlackElo "1727"]
[PlyCount "33"]
[EventDate "2015.09.05"]
[EventType "team-swiss"]
[EventRounds "9"]
[EventCountry "POL"]
[SourceTitle "EXT 2017"]
[Source "ChessBase"]
[SourceDate "2016.10.25"]
[SourceVersion "1"]
[SourceVersionDate "2016.10.25"]
[SourceQuality "1"]
[WhiteTeam "Konin UKS Smecz"]
[BlackTeam "Steszew Lipno"]
[WhiteTeamCountry "POL"]
[BlackTeamCountry "POL"]

1. e4 e5 2. Nf3 Nc6 3. Bb5 a6 4. Ba4 Nf6 5. 0-0 b5 6. Bb3 Bc5 7. c3 Bb6 8. d4 exd4 9. e5 Ne4 10. cxd4 0-0 11. Bd5 Re8 12. Bxe4 d5 13. Bxh7+ Kxh7 14. Qc2+ Kg8 15. Qxc6 Bf5 16. Bg5 Re6 17. Qxe6 1-0

[Event "POL-chT3 Wielkopolskie 1415"]
[Site "Poland"]
[Date "2015.02.01"]
[Round "6.12"]
[White "Kupsik, Joanna"]
[Black "Warchol, Maria"]
[Result "1/2-1/2"]
[WhiteElo "1683"]
[BlackElo "1881"]
[PlyCount "54"]
[EventDate "2014.11.30"]
[EventType "team-tourn"]
[EventRounds "11"]
[EventCountry "POL"]
[SourceTitle "EXT 2019"]
[Source "ChessBase"]
[SourceDate "2018.10.10"]
[SourceVersion "1"]
[SourceVersionDate "2018.10.10"]
[SourceQuality "1"]

1. e4 e6 2. d4 d5 3. exd5 exd5 4. Bd3 Nc6 5. c3 Bd6 6. Ne2 Nf6 7. Bg5 0-0 8. 0-0 Bxh2+ 9. Kh1 Bd6 10. Qc2 h6 11. Bh4 Qe7 12. Nd2 Qe6 13. Bg3 Bxg3 14. Nxg3 Qg4 15. Nf3 Nh5 16. Nxh5 Qxh5+ 17. Kg1 Bg4 18. Nh2 Bd7 19. Rfe1 Rfe8 20. Qb3 b6 21. Nf3 Rad8 22. Qc2 Rxe1+ 23. Rxe1 Be6 24. Qa4 Bd7 25. Qc2 Be6 26. Qa4 Bd7 27. Qc2 Be6 1/2-1/2

[Event "POL-chT3 Wielkopolskie 1314"]
[Site "Poland"]
[Date "2014.02.16"]
[Round "6.6"]
[White "Kupsik, Joanna"]
[Black "Choremska, Zuzanna"]
[Result "1/2-1/2"]
[WhiteElo "1648"]
[BlackElo "1307"]
[PlyCount "148"]
[EventDate "2013.10.27"]
[EventType "team-tourn"]
[EventRounds "11"]
[EventCountry "POL"]
[SourceTitle "EXT 2015"]
[Source "ChessBase"]
[SourceDate "2014.11.20"]
[SourceVersion "1"]
[SourceVersionDate "2014.11.20"]
[SourceQuality "1"]
[WhiteTeam "Steszew Lipno"]
[BlackTeam "Poznan UMKS Na Pieterku"]
[WhiteTeamCountry "POL"]
[BlackTeamCountry "POL"]

1. e4 e5 2. Nf3 Nc6 3. Bc4 Bc5 4. d3 d6 5. h3 Nf6 6. Nc3 Be6 7. Bb3 h6 8. Be3 Bb6 9. 0-0 0-0 10. Qd2 Nd4 11. Bxd4 Bxd4 12. Nxd4 exd4 13. Ne2 c5 14. f4 a6 15. f5 Bxb3 16. axb3 Nd7 17. Qf4 Ne5 18. f6 g5 19. Qg3 Kh7 20. Rf5 Rg8 21. Raf1 Rg6 22. c3 dxc3 23. bxc3 Qb6 24. d4 c4 25. b4 Re8 26. Kh1 Nd7 27. Qf3 Re6 28. Ng3 Qd8 29. Nh5 Kg8 30. Kg1 Kh8 31. Kh1 Kg8 32. Kh2 Kh8 33. e5 dxe5 34. dxe5 Qc7 35. Kh1 Rxe5 36. Rxe5 Nxe5 37. Qd5 Nd3 38. Qe4 Qc6 39. Qe7 Kg8 40. Qd8+ Kh7 41. Qf8 Ne5 42. Qe7 Qd5 43. Re1 Nd3 44. Re2 Rg8 45. Ng3 Nf4 46. Qe4+ Qxe4 47. Rxe4 b5 48. Re7 Kg6 49. Ne4 Ra8 50. Kg1 Nd5 51. Re5 Nxf6 52. Nc5 Ra7 53. Re2 Nd5 54. Rc2 f5 55. Kf2 Kf6 56. g3 Ke5 57. Re2+ Kd6 58. Re6+ Kc7 59. Nxa6+ Kd8 60. Rxh6 Rf7 61. Nc5 Nxc3 62. Ne6+ Ke7 63. Nxg5 Ne4+ 64. Nxe4 fxe4+ 65. Ke2 Rf6 66. Rh5 Rf3 67. Rxb5 Rxg3 68. Re5+ Kd6 69. Rxe4 Rxh3 70. Rxc4 Kd5 71. Rg4 Kc6 72. Kd2 Kb5 73. Kc2 Ka4 74. Re4 Rg3 1/2-1/2

[Event "POL-chT3 Wielkopolskie 1314"]
[Site "Poland"]
[Date "2013.12.01"]
[Round "3.24"]
[White "Kupsik, Joanna"]
[Black "Szelag, Zuzanna"]
[Result "1-0"]
[WhiteElo "1648"]
[BlackElo "1516"]
[PlyCount "51"]
[EventDate "2013.10.27"]
[EventType "team-tourn"]
[EventRounds "11"]
[EventCountry "POL"]
[SourceTitle "EXT 2015"]
[Source "ChessBase"]
[SourceDate "2014.11.20"]
[SourceVersion "1"]
[SourceVersionDate "2014.11.20"]
[SourceQuality "1"]
[WhiteTeam "Steszew Lipno"]
[BlackTeam "Gniezno LKS Chrobry II"]
[WhiteTeamCountry "POL"]
[BlackTeamCountry "POL"]

1. e4 c5 2. Nf3 g6 3. Bc4 Bg7 4. d3 e6 5. Nc3 Ne7 6. Be3 d6 7. 0-0 0-0 8. Qd2 a6 9. a4 Nbc6 10. Bh6 Bd7 11. Bxg7 Kxg7 12. Ne2 d5 13. Ba2 Rc8 14. Ng3 Nd4 15. Qc3 Kg8 16. Nxd4 cxd4 17. Qxd4 dxe4 18. Nxe4 Nf5 19. Qe5 Ng7 20. Nf6+ Kh8 21. Bb3 Bc6 22. Rfe1 Qe7 23. Re3 Qc7 24. Qg5 Qd8 25. Rh3 Nh5 26. Rxh5 1-0